Conducting research at RTC based on pilot project : (Record no. 5291)

MARC details
000 -LEADER
fixed length control field 00958nam a2200145 4500
001 - CONTROL NUMBER
control field 6261
005 - DATE AND TIME OF LATEST TRANSACTION
control field 20181127181256.0
245 00 - TITLE STATEMENT
Title Conducting research at RTC based on pilot project :
Remainder of title assessment of ecotourism sustainability in Bhutan /
Statement of responsibility, etc. Jesse Montes.
Medium
260 00 - PUBLICATION, DISTRIBUTION, ETC.
Place of publication, distribution, etc. [Thimphu] :
Name of publisher, distributor, etc. [Royal Thimphu College],
Date of publication, distribution, etc. 2015.
300 ## - PHYSICAL DESCRIPTION
Extent 149 p.
Other physical details
Dimensions
Accompanying material
500 00 - GENERAL NOTE
General note Spiral-bound xerographic copy.
505 ## - FORMATTED CONTENTS NOTE
Formatted contents note Adoption of Alternative livelihood strategies and the impact of ethno-ecological relations: a case study of ecotourism in Bhutan / Jesse Montes -- Select articles including: Ecotourism and sustainable development : who owns paradise / Martha Honey -- Semi-structured interviews: guidance for novice researchers / LS Whiting -- A framework for design / John W. Crewwell -- Questionnaires, in-depth interviews and focus groups / Anne Adams and Anna L. Cox.
Miscellaneous information
Statement of responsibility
Title
650 ## - SUBJECT ADDED ENTRY--TOPICAL TERM
Topical term or geographic name entry element Ecotourism -- Research methodology.
Form subdivision
General subdivision
Chronological subdivision
Geographic subdivision
Source of heading or term
Topical term or geographic name entry element Ecotourism.
Form subdivision
General subdivision
Chronological subdivision
Geographic subdivision
Source of heading or term
Holdings
Withdrawn status Lost status Source of classification or shelving scheme Damaged status Not for loan Collection code Home library Current library Shelving location Serial Enumeration / chronology Inventory number Total Checkouts Full call number Barcode Date last seen Price effective from Koha item type
    Dewey Decimal Classification     Binding Materials. RTC Library RTC Library Binding 9953   338.4 MON 30010015 27/11/2018 27/11/2018 Binder
Royal Thimphu College || All Right Reserved